| 000 | 00643nam a22002177a 4500 | ||
|---|---|---|---|
| 001 | 20288 | ||
| 003 | BD-RjUL | ||
| 005 | 20211209000538.0 | ||
| 008 | 140227r1944 enk 000 0 eng d | ||
| 035 | _a(BD-RjUL)20350 | ||
| 040 |
_aBD-RjUL _beng _cBD-RjUL |
||
| 041 | _aeng | ||
| 082 |
_a822.08 _bMOD 1944 |
||
| 245 | 0 | 0 |
_aModern short plays : _bfirst series / _cJohn Drinkwater...et al |
| 260 |
_aLondon : _bUniversity of London Press _c[Reprinted 1944]. |
||
| 300 |
_a160 p. ; _c16 cm. |
||
| 490 | 1 | _aTreasuries of modern prose. | |
| 650 | 0 |
_aEnglish drama -- 20th century. _962525 |
|
| 700 | 1 |
_aDrinkwater, John. _922947 |
|
| 942 |
_2ddc _cBK |
||
| 999 |
_c20288 _d20288 |
||